000 00363nam a2200145Ia 4500
008 230312s9999||||xx |||||||||||||| ||und||
020 _a93-325-5528-0
082 _a791.4377
_bVIV-M
100 _aVivian;John
245 0 _aMedia of Mass Communication
260 _bPearson
_aIndia
_c2015
300 _a478
650 _aMass com
_vMass Communication
942 _cBK
999 _c11488
_d11488